LEADER 01203nam a2200289 i 4500 001 000000035542 003 CaOOAMICUS 005 20150630000000.0 008 150630s1974 it u000 u ita u 013 $a3922 040 $aSeMil$bita 100 1 $aDavies, Ioan.$0(OLS)http://semarc/name/16589 240 10$aSocial mobility and political change.$0(OLS)http://semarc/title/402357 245 10$aMobilità sociale e mutamento politico /$cIoan Davies. 260 $aBologna :$bIl Mulino,$c1974. 300 $a159 p. ;$c22 cm. 490 0 $aLa nuova scienza 490 0 $aLa nuova scienza. Serie di scienza politica 650 4$aSociologia politica.$0(OLS)http://semarc/subject/6517 650 4$aPolitica.$0(OLS)http://semarc/subject/3044 830 3$aLa nuova scienza.$0(OLS)http://semarc/title/12150 830 3$aLa nuova scienza. Serie di scienza politica.$0(OLS)http://semarc/title/33943 850 $aSeMil 852 $aSeMil$W1$xVenegono$y1$m3N IV 323$j1697$B1697$CSeMilBibl$Z2$F1697 $81 961 $aOmaggio: Donazione 996 $6245$aMobilità sociale e mutamento politico$9(OLS)http://semarc/title/48731 996 $6260$aBologna :$bIl Mulino$9(OLS)http://semarc/publisher/29842 LEADER 01630nam a2200337 i 4500 001 000000198742 003 CaOOAMICUS 005 20220701121831.0 008 110309s2011 be u000 u syr u 013 $a177432 020 $a978-90-429-2331-7 040 $aSeMil$bita 245 14$aThe Syriac Vita tradition of Ephrem the Syrian /$cedited by Joseph P. Amar. 260 $aLovanii :$bPeeters,$c2011. 300 $aXXIII, 104 p. ;$c25 cm. 490 0 $aCorpus Scriptorum Christianorum Orientalium ;$v629. 490 0 $aCorpus Scriptorum Christianorum Orientalium. Scriptores Syri ;$v242. 500 $aTesto in orig. siriaco che precede la versione in inglese del vol. successivo. 600 04$aEfrem : Siro .$0(OLS)http://semarc/subject/10355 650 4$aPoesia religiosa siriaca.$0(OLS)http://semarc/subject/52574 650 4$aLetteratura religiosa siriaca.$0(OLS)http://semarc/subject/12464 700 1 $aAmar, Joseph P.,$d<1946- >.$0(OLS)http://semarc/name/58982 830 0$aCorpus Scriptorum Christianorum Orientalium ;$v629.$0(OLS)http://semarc/title/77 830 0$aCorpus Scriptorum Christianorum Orientalium. Scriptores Syri ;$v242.$0(OLS)http://semarc/title/9544 850 $aSeMil 852 $aSeMil$W1$xVenegono$y1$m2S III 629$j149298$B149298$CSeMilBibl$Z2$F160663 $81 961 $aSottoscrizione: Peeters 996 $6020$a978-90-429-2331-7$9(OLS)http://semarc/number/191015 996 $6245$aThe Syriac Vita tradition of Ephrem the Syrian$9(OLS)http://semarc/title/287260 996 $6260$aLovanii :$bPeeters$9(OLS)http://semarc/publisher/29749